01678cam a22003974i 4500003000900000005001700009008004100026035002000067040003300087100003700120245023700157264001000394300002200404336002100426337002500447338002300472502005900495504002400554520049900578526001001077526001001087526000901097526000901106526000901115526000901124526000901133526000901142526000901151526000801160526000801168526000801176526000801184526000801192650004601200700003401246PE-LiUPU20250731165409.0151020s2011 pe grm 000 0 spa d a(Sirsi) a154967 aPE-LiUPUbspacPE-LiUPUerda1 aCondori Meza, Deisy Keilaeautor1 aRelación entre conocimientos, prácticas de autocuidado e hipertensión arterial en los adultos mayores de 35 años del Distrito Misionero de Chaclacayo de la Iglesia Adventista del Séptimo Día. /cDeisy Keila Condori Meza. 0c2011. a109 hojas c30 cm atext2rdacontent aunmediated2rdamedia avolume2rdacarrier aTesisb(Lic.) -- cUniversidad Peruana Unión,d2011. aIncluye referencias3 aEl propósito del estudio fue determinar la relación del nivel de conocimiento y practicas de autocuidado con la hipertensión arterial en los adultos mayores de 35 años del distrito misionero de Chaclacayo de la Iglesia Adventista del Séptimo Día, 2011. El estudio fue de tipo cuantitativo, diseño no experimental, descriptivo, correlacional - causal de corte transversal en el distrito misionero de Chaclacayo, mediante un muestreo probabilístico, resultando 123 participantes. aSEG44 aSEG26 aP151 aP150 aP149 aP146 aP145 aP126 aP125 aP92 aP75 aP74 aP27 aP1504aHipertensiónxAdultosxSalud e higiene.1 aSánchez Rivera, Elmaeautor